Statistics for Historical Events and Figures #4

Click here to take the quiz!

General Stats

  • This quiz has been taken 16 times
  • The average score is 5 of 20

Answer Stats

DescriptionAnswer% Correct
Former president of Uganda who committed a number of atrocitiesIdi Amin
75%
Soviet leader after Khrushchev who led for 18 yearsLeonid Brezhnev
69%
Leader of the Soviet Union that led the de-Stalinization effortNikita Khrushchev
69%
Russian film director that did silent films and historical filmsSergei Eisenstein
44%
Eisenstein film about a group of sailors mutinying which helped the communist revoltuionBattleship Potemkin
31%
German politician who created communist East GermanyErich Honecker
31%
Prince of Kiev who started the Russian EmpireAlexander Nevsky
19%
Tsar of Russia who had a drama written about him by PushkinBoris Godunov
19%
Icelandic saga which follows the family of EgilEgil's Saga
19%
Wealthy ruler who would become queen of France and EnglandEleanor of Aquitaine
19%
Moroccan explorer who traveled across most of the medieval worldIbn Battuta
19%
Figureskater who won gold medals at the Olympics in 1992Kristi Yamaguchi
19%
The largest of the four caliphates of Mohammed's deathUmayyad Caliphate
19%
Rebellion of soldiers who protested the ruling of Nicholas IDecembrist Revolt
13%
Mongol founded region which eventually ruled itself and became TurkishGolden Horde
13%
Russian abstract painter who had works like "Black Square"Kazimir Malevich
13%
Best known for her works in science fiction like "The Left Hand of Darkness"Urusula K. Le Guin
13%
Female ruler of China in the Zhao dynastyWu-Zetian
13%
Major battle during the Pugachev revolt that saw the rebels defeat government soldiersBattle of Kazan
6%
Suffrage leader who ran for President in 1872Victoria Woodhall
6%

Score Distribution

Percentile by Number Answered

Percent of People with Each Score

Your Score History

You have not taken this quiz